Can you name all of Taylor Swift's track 5s? - Statistics

General Stats
  • This quiz has been taken 113 times
    25 since last reset
  • The average score is 11 of 12
Answer Stats
Album Song % Correct
Speak Now Dear John
100%
Red All Too Well
96%
The Tortured Poets Department So Long, London
96%
Lover The Archer
96%
evermore tolerate it
96%
Midnights You're On Your Own, Kid
96%
1989 All You Had To Do Was Stay
91%
Taylor Swift Cold As You
91%
Reputation Delicate
91%
Fearless White Horse
91%
The Life of a Showgirl Eldest Daughter
87%
folklore my tears ricochet
87%
No matching quizzes found
Score Distribution
Percent of People with Each Score
Percentile by Number Answered
Your Score History
You have not taken this quiz since the last reset